LEGO Marvel Super Heroes: Minifigures by Picture - Statistics

General Stats
  • This quiz has been taken 385 times
    232 since last reset
  • The average score is 103 of 217
Answer Stats
Picture Answer % Correct
Adam Warlock
88%
Ant-Man | Scott Lang
84%
Baby Groot
81%
Agatha Harkness
80%
Doctor Strange | Stephen Strange
79%
Doctor Octopus | Otto Octavius
78%
Black Widow | Natasha Romanoff
77%
Daredevil | Matt Murdock
77%
Deadpool | Wade Wilson
77%
Doctor Doom | Victor von Doom
77%
Hulk | Bruce Banner
77%
Black Panther | T'Challa
76%
Gamora
76%
Loki Laufeyson
76%
Iron Man | Tony Stark
75%
Beast | Hank McCoy
74%
Captain America | Sam Wilson
74%
Captain America | Steve Rogers
74%
Drax the Destroyer
74%
Ghost-Spider | Gwen Stacy
74%
Magneto | Max Eisenhardt
74%
Captain Marvel | Carol Danvers
73%
Carnage | Cletus Kasady
73%
Cyclops | Scott Summers
73%
Ghost Rider | Johnny Blaze
73%
Green Goblin | Norman Osborn
73%
Human Torch | Johnny Storm
73%
Mister Fantastic | Reed Richards
73%
Rocket Raccoon | 89P13
73%
Hawkeye | Clint Barton
72%
Hela Odinsdottir
72%
Moon Knight | Marc Spector
72%
Groot
71%
Red Hulk | Thaddeus Ross
71%
Blade | Eric Brooks
70%
Gambit | Remy LeBeau
70%
Invisible Woman | Sue Storm-Richards
70%
Mantis
70%
Mysterio | Quentin Beck
70%
Nick Fury
70%
Hawkeye | Kate Bishop
69%
Iron Fist | Danny Rand
68%
Iron Spider | Amadeus Cho
68%
Kraven the Hunter | Sergei Kravinoff
68%
Red Skull | Johann Schmidt
68%
Rhino | Aleksei Sytsevich
68%
Scarlet Witch | Wanda Maximoff
68%
She-Hulk | Jen Walters
68%
Black Cat | Felicia Hardy
67%
M.O.D.O.K. | George Tarleton
67%
Ms. Marvel | Kamala Khan
67%
Doctor Octopus | Carolyn Trainer
66%
May Parker
66%
Mighty Thor | Jane Foster
66%
Professor X | Charles Xavier
66%
Sandman | Flint Marko
66%
Captain Carter | Peggy Carter
65%
Nebula
65%
Punisher | Frank Castle
65%
Quicksilver | Pietro Maximoff
64%
Agent Coulson
63%
John Jonah Jameson Jr.
63%
Lizard | Curt Connors
63%
Mary Jane Watson
63%
Red Hulk | Robert Maverick
63%
Black Panther | Shuri
62%
Electro | Francine Frye
61%
Electro | Max Dillon
61%
Ghost | Ava Starr
61%
Ghost Rider | Robbie Reyes
61%
Ironheart | Riri Williams
61%
Star-Lord | Peter Quill
60%
Falcon | Sam Wilson
59%
Ned Leeds
59%
Phoenix | Jean Grey
59%
Red She-Hulk | Betty Ross
59%
Scorpion | Mac Gargan
59%
Spider-Man | Miles Morales
59%
Spider-Man | Peter Parker
59%
Anti-Venom
58%
Nova | Sam Alexander
58%
Ronan the Accuser
58%
Hobgoblin | Roderick Kingsley
56%
Storm | Ororo Munroe
56%
Thanos
56%
Thor Odinson
56%
Spider-Ham | Peter Porker
55%
Spider-Man Noir | Peter Parker
55%
Star-Lord | T'Challa
55%
The Thing | Ben Grimm
55%
Collector | Taneleer Tivan
54%
Spider-Man 2099 | Miguel O'Hara
54%
Spider-Horse | Widow
53%
Venom | Eddie Brock
53%
Iron Monger | Obadiah Stane
52%
Korg
52%
Power Man | Luke Cage
52%
Scarlet Spider | Ben Reilly
52%
Spider-Cat
52%
Spider-Girl | Jess Drew
52%
Spider-Woman | Jessica Drew
52%
Aldrich Killian
51%
Red Guardian | Alexei Shostakov
51%
Sub-Mariner | Namor McKenzie
50%
Ultron
50%
War Machine | James Rhodes
50%
Crossbones | Brock Rumlow
49%
Mandarin | Trevor Slattery
49%
Rogue | Anna Marie LeBeau
49%
Wasp | Hope Van Dyne
49%
America Chavez
48%
Ancient One
48%
The Spot | Johnathon Ohnn
48%
Wolverine | James Howlett
48%
Agent 13 | Sharon Carter
47%
Morbius the Living Vampire/Michael Morbius
46%
Vision
46%
Vulture | Adrian Toomes
46%
Vulture | Blackie Drago
46%
Beetle | Abner Jenkins
45%
Iceman | Bobby Drake
45%
Spider-Woman | Julia Carpenter
45%
Taskmaster | Anthony Masters
45%
Arnim Zola
44%
Maria Hill
44%
Monica Rambeau
44%
Yondu Udonta
44%
Alligator Loki
43%
Falcon | Joaquín Torres
43%
Gorr the God Butcher
43%
Prowler | Miles Morales
43%
Spider-Punk | Hobie Brown
43%
Throg
43%
Erik Killmonger | N'Jadaka
42%
Shang-Chi
42%
Ebony Maw
41%
Okoye
41%
Winter Soldier | Bucky Barnes
41%
Bishop | Lucas Bishop
40%
Spider-Girl | Aña Corazón
40%
White Tiger | Ava Ayala
40%
Proxima Midnight
39%
Black Dwarf/Cull Obsidian
38%
Spider-Man India | Pavitr Prabhakar
38%
Taskmaster | Antonia Dreykov
38%
Yellowjacket | Darren Cross
38%
Uatu the Watcher
36%
Baron Mordo
35%
Goliath | Hank Pym
35%
Klaw | Ulysses Klaue
35%
Ikaris
34%
M'Baku
34%
Rescue | Pepper Potts
34%
Taserface
34%
Valkyrie | Brunnhilde
34%
Werewolf by Night | Jack Russell
34%
Grandmaster | En Dwi Gast
33%
Hydro-Man | Morris Bench
33%
Werewolf Spider-Man | Peter Parker
33%
Echo | Maya Lopez
32%
Goose
32%
Firestar | Angelica Jones
31%
Shocker | Herman Schultz
31%
Wong
31%
Hyperion | Mark Milton
30%
Kevin Feige
30%
Sylvie | Loki Laufeydottir
29%
White Widow | Yelena Belova
29%
Corvus Glaive
28%
Jefferson Davis
28%
Michelle Jones-Watson
28%
Betty Brant
27%
Gilgamesh
27%
Helen Cho
27%
Goliath | Bill Foster
26%
Makkari
26%
Mandarin | Xu Wenwu
26%
Baron Von Strucker
25%
Miek
25%
Sersi
25%
Whiplash | Ivan Vanko
25%
Alexander Pierce
24%
Attuma
24%
Mayday Parker
24%
Nakia
24%
Sprite
24%
Ajak
23%
Ayesha
23%
Captain Stacy
23%
Happy Hogan
22%
Kingo
22%
Spider-Byte | Margo Kess
21%
Talos
21%
Thena
21%
Death Dealer | Li Ching-Lin
20%
Phastos
20%
Detroit Steel | Justin Hammer
19%
Druig
19%
Harry Osborn
19%
Cyborg Spider-Woman | Petra Parker
17%
Erik Selvig
17%
Katy Chen
16%
Morris
16%
Ben Urich
15%
Bernie the Cab Driver
13%
Pork Grind
13%
Razor Fist | Mattias
13%
Robbie Robertson
13%
Sun-Spider | Charlotte Webber
13%
Super-Adaptoid
13%
Web-Slinger | Patrick O'Hara
13%
Xu Xialing
10%
Amber Grant
9%
Sabra | Ruth Bat-Seraph
9%
Trapster | Peter Petruski
7%
Ron Barney
5%
Trace-E
5%
No matching quizzes found
Score Distribution
Percent of People with Each Score
Percentile by Number Answered
Your Score History
You have not taken this quiz since the last reset